000 00431nam a2200181Ia 4500
008 220531s9999 xx 000 0 und d
041 _aeng
082 _bMAD
100 _aMadan, G. R.
_942242
245 _aWestern Socio Logists An Indian Society
250 _a1ST
260 _bRKP
_c1995
300 _a378
542 _d26-07-2000
650 _aSociology
_942243
906 _d2000-2001
_f7576
999 _c25207
_d25207